Lions de Genève - équipe 2024-25 - Statistiques

Statistiques générales
  • Ce quiz a été pris 3 fois
  • Le résultat moyen est 6 sur 13
Statistiques - réponses
Numéro Nom % Correct
19 Noé Anabir
100%
33 Juwann James
67%
6 Paul Gravet
67%
3 Abraham Johnson
33%
1 Boris Mbala
33%
4 Dylan Painter
33%
8 Gaspard Walther
33%
2 Hakim Charfi
33%
7 Isaiah Williams
33%
11 Ja'qualyn Gilbreath
33%
16 Omar Ali
33%
13 Robert Zinn
33%
56 Zachary Biku
33%
Aucun quiz correspondant
Distribution des résultats
% des personnes avec chaque résultat
Percentile par nombre de réponses
Votre historique - résultats
Vous n’avez pas pris ce quiz